Online Catalogue and eLibrary

Picturing culture : (Record no. 303)

MARC details
000 -LEADER
fixed length control field 00800cam a22002414a 4500
001 - CONTROL NUMBER
control field 11864751
005 - DATE AND TIME OF LATEST TRANSACTION
control field 20240206043103.0
008 - FIXED-LENGTH DATA ELEMENTS--GENERAL INFORMATION
fixed length control field 991209s2000 ilu b 001 0 eng
020 ## - INTERNATIONAL STANDARD BOOK NUMBER
ISBN 0226730980 (cloth : acidfree paper)
020 ## - INTERNATIONAL STANDARD BOOK NUMBER
ISBN 0226730999 (pbk.)
040 ## - CATALOGING SOURCE (பட்டியலாக்க மூலம்)
Original cataloging agency DLC
Transcribing agency DLC
Modifying agency DLC
082 00 - DDC Classification
Class No. 306.02.
DDC Edition Number 21
Item Number - Author Mark JAY.
100 1# - MAIN ENTRY--PERSONAL NAME
Personal name Ruby, Jay.
245 10 - TITLE STATEMENT
Title Picturing culture :
Remainder of title explorations of film & anthropology /
Statement of responsibility, etc. Jay Ruby.
260 ## - PUBLICATION, DISTRIBUTION, ETC.
Place of publication, distribution, etc. Chicago :
Name of publisher, distributor, etc. University of Chicago Press,
Date of publication, distribution, etc. 2000.
300 ## - PHYSICAL DESCRIPTION
Extent (e.g. Volumes, Pages etc.) xiii, 339 p. ;
650 #0 - SUBJECT ADDED ENTRY--TOPICAL TERM
Topical term or geographic name entry element Motion pictures in ethnology.
650 #0 - SUBJECT ADDED ENTRY--TOPICAL TERM
Topical term or geographic name entry element Visual anthropology.
650 #0 - SUBJECT ADDED ENTRY--TOPICAL TERM
Topical term or geographic name entry element Culture in motion pictures.
856 42 - ELECTRONIC LOCATION AND ACCESS
Uniform Resource Identifier <a href="http://www.loc.gov/catdir/description/uchi051/99089536.html">http://www.loc.gov/catdir/description/uchi051/99089536.html</a>
856 41 - ELECTRONIC LOCATION AND ACCESS
Uniform Resource Identifier <a href="http://www.loc.gov/catdir/toc/uchi052/99089536.html">http://www.loc.gov/catdir/toc/uchi052/99089536.html</a>
942 ## - Koha item type (Biblio)
Koha item type Books in Stacks (Lending)
Holdings
Lost status Damaged status Collection code Home library Current library Date acquired Full call number Accession Number Item type
    Lending WERC Library WERC Library 02/06/2024 306.02. JAY. 4322 Books in Stacks (Lending)

© WERC Library